[Event "Monaco FIDE GP (Women)"]
[Site "Monaco"]
[Date "2025.02.19"]
[Round "2"]
[White "Tan, Zhongyi"]
[Black "Munguntuul, Batkhuyag"]
[Result "1/2-1/2"]
[WhiteElo "2561"]
[BlackElo "2331"]
[PlyCount "136"]
[EventDate "2025.02.18"]
[EventType "tourn"]
[EventRounds "9"]
[EventCountry "MNC"]
[EventCategory "10"]
[SourceTitle "CB10_2025"]
[SourceDate "2025.03.05"]
[SourceVersion "1"]
[SourceVersionDate "2025.03.05"]
[SourceQuality "1"]

1. Nf3 d5 2. g3 Bg4 3. Bg2 Nd7 4. h3 Bh5 5. c4 e6 6. cxd5 exd5 7. Nc3 c6 8. d3 Bd6 9. 0-0 Ne7 10. e4 dxe4 11. dxe4 Qc7 12. Qc2 Bxf3 13. Bxf3 0-0 14. Bg2 Nc5 15. Be3 Ne6 16. Ne2 Rad8 17. Rfd1 Bb4 18. f4 Qa5 19. Kh2 Bc5 20. b4 Qxb4 21. Rab1 Qa5 22. Bd2 Qa6 23. Bc3 Qc4 24. Rxb7 Rxd1 25. Qxd1 Rd8 26. Qe1 f5 27. Ba5 Rf8 28. Nc1 fxe4 29. Nb3 Nd5 30. Qxe4 Qxe4 31. Bxe4 Be3 32. Bd2 Bxd2 33. Nxd2 Nc5 34. Rxa7 Nxe4 35. Nxe4 Re8 36. Nd6 Re2+ 37. Kg1 h5 38. Nf5 g6 39. Rg7+ Kf8 40. Rxg6 c5 41. Rc6 Rc2 42. Nd4 Rd2 43. Ne6+ Ke7 44. Nc7 Kd7 45. Rxc5 Nxc7 46. Rxh5 Rxa2 47. h4 Ne6 48. Rd5+ Kc6 49. Rd3 Nc5 50. Rd4 Ne6 51. Re4 Kd5 52. Re5+ Kd6 53. h5 Nd4 54. Re3 Nf5 55. Rd3+ Ke6 56. g4 Nh4 57. Rg3 Kf6 58. g5+ Kg7 59. Rd3 Ra4 60. h6+ Kg8 61. Rd8+ Kh7 62. Rd7+ Kg8 63. Rd8+ Kh7 64. Rf8 Ng6 65. Rf7+ Kh8 66. f5 Rg4+ 67. Kf2 Rxg5 68. fxg6 Rxg6 1/2-1/2

[Event "Wch Blitz (Women)"]
[Site "New York"]
[Date "2024.12.30"]
[Round "9"]
[White "Krush, Irina"]
[Black "Tan, Zhongyi"]
[Result "0-1"]
[WhiteElo "2378"]
[BlackElo "2561"]
[PlyCount "118"]
[EventDate "2024.12.30"]
[EventType "swiss (blitz)"]
[EventRounds "11"]
[EventCountry "USA"]
[SourceTitle "CB01_2025"]
[SourceDate "2025.01.01"]
[SourceVersion "1"]
[SourceVersionDate "2025.01.01"]
[SourceQuality "1"]

1. d4 Nf6 2. c4 e6 3. Nc3 Bb4 4. e3 b6 5. Nge2 Ba6 6. a3 Be7 7. Nf4 d5 8. cxd5 Bxf1 9. Kxf1 exd5 10. g4 0-0 11. g5 Ne8 12. Nfxd5 Bxg5 13. e4 c6 14. Bxg5 Qxg5 15. Ne3 Nd7 16. Rg1 Qf4 17. Qg4 Qxg4 18. Rxg4 c5 19. d5 Nd6 20. Re1 Rae8 21. Nf5 Nxf5 22. exf5 Rxe1+ 23. Kxe1 Nf6 24. Rg3 Rd8 25. Rd3 Kf8 26. b4 Ke7 27. bxc5 bxc5 28. f3 Rb8 29. Ne4 Nxe4 30. fxe4 Kd6 31. Kf2 c4 32. Rc3 Kc5 33. d6 f6 34. Rg3 Rb2+ 35. Ke1 Kxd6 36. Rxg7 Ke5 37. Rxh7 Kxe4 38. Kd1 Kxf5 39. Rxa7 Ke4 40. h4 c3 41. Kc1 Rh2 42. Re7+ Kd3 43. Rd7+ Kc4 44. Rh7 Kb3 45. Rb7+ Kxa3 46. Rf7 Kb3 47. Rb7+ Kc4 48. Rf7 Kd3 49. Rd7+ Ke4 50. Rh7 f5 51. h5 f4 52. h6 Kf3 53. Rh8 Ra2 54. h7 Ra7 55. Kc2 Rc7 56. Kc1 c2 57. Rg8 Rxh7 58. Kxc2 Rd7 59. Rg6 Kf2 0-1

[Event "Wch Blitz (Women)"]
[Site "New York"]
[Date "2024.12.30"]
[Round "4"]
[White "Lyutsinger, Iren"]
[Black "Tan, Zhongyi"]
[Result "1-0"]
[WhiteElo "2150"]
[BlackElo "2561"]
[PlyCount "102"]
[EventDate "2024.12.30"]
[EventType "swiss (blitz)"]
[EventRounds "11"]
[EventCountry "USA"]
[SourceTitle "CB01_2025"]
[SourceDate "2025.01.01"]
[SourceVersion "1"]
[SourceVersionDate "2025.01.01"]
[SourceQuality "1"]

1. e4 e5 2. Nf3 Nc6 3. Bb5 a6 4. Ba4 Nf6 5. 0-0 Nxe4 6. d4 Be7 7. Re1 b5 8. Bb3 d5 9. dxe5 Be6 10. c3 0-0 11. Nbd2 Nc5 12. Bc2 d4 13. Ne4 d3 14. Nxc5 dxc2 15. Qxd8 Raxd8 16. Nxe6 fxe6 17. Bg5 Bxg5 18. Nxg5 Rf5 19. Nxe6 Rd2 20. f4 Nxe5 21. Nd4 Rxf4 22. Rxe5 Rff2 23. Ree1 Rxg2+ 24. Kh1 Rxh2+ 25. Kg1 h5 26. Rac1 Rhg2+ 27. Kh1 h4 28. Nf3 Rdf2 29. Rf1 Rxf1+ 30. Rxf1 h3 31. Rc1 g5 32. Nxg5 Rxg5 33. Rxc2 Kf7 34. Kh2 Rh5 35. Re2 c5 36. Re3 Kf6 37. Re8 Rh6 38. Ra8 Ke5 39. Rd8 Ke4 40. b4 c4 41. Rd4+ Ke3 42. Rd8 Ke2 43. Rd4 Re6 44. Kxh3 Re3+ 45. Kg4 Rxc3 46. Kf5 Ra3 47. Rh4 Kd3 48. Rh3+ Kd4 49. Rxa3 c3 50. Rxa6 Kc4 51. Ke4 Kxb4 1-0

[Event "Wch Blitz (Women)"]
[Site "New York"]
[Date "2024.12.30"]
[Round "2"]
[White "Maltsevskaya, Aleksandra"]
[Black "Tan, Zhongyi"]
[Result "1-0"]
[WhiteElo "2368"]
[BlackElo "2561"]
[PlyCount "73"]
[EventDate "2024.12.30"]
[EventType "swiss (blitz)"]
[EventRounds "11"]
[EventCountry "USA"]
[SourceTitle "CB01_2025"]
[SourceDate "2025.01.01"]
[SourceVersion "1"]
[SourceVersionDate "2025.01.01"]
[SourceQuality "1"]

1. e4 e5 2. Nf3 Nc6 3. Bb5 a6 4. Ba4 Nf6 5. 0-0 Be7 6. Re1 b5 7. Bb3 0-0 8. h3 Bb7 9. d3 d5 10. exd5 Nxd5 11. Nxe5 Nd4 12. Nc3 Nxb3 13. axb3 c5 14. Qf3 Bf6 15. Nxd5 Bxd5 16. Qg3 Re8 17. Bd2 Re6 18. Ng4 Bxb2 19. Rxe6 Bxe6 20. Re1 Kh8 21. Bf4 Bc3 22. Re2 a5 23. Be5 Bxe5 24. Nxe5 Qd4 25. Qf3 Rf8 26. Nc6 Qa1+ 27. Kh2 Re8 28. Ne5 Kg8 29. Ng4 a4 30. bxa4 bxa4 31. Qc6 Rf8 32. Rxe6 fxe6 33. Qxe6+ Kh8 34. Ne5 h6 35. Ng6+ Kh7 36. Nxf8+ Kh8 37. Ng6+ 1-0

[Event "Wch Blitz (Women)"]
[Site "New York"]
[Date "2024.12.30"]
[Round "7"]
[White "Padmini, Rout"]
[Black "Tan, Zhongyi"]
[Result "0-1"]
[WhiteElo "2339"]
[BlackElo "2561"]
[PlyCount "138"]
[EventDate "2024.12.30"]
[EventType "swiss (blitz)"]
[EventRounds "11"]
[EventCountry "USA"]
[SourceTitle "CB01_2025"]
[SourceDate "2025.01.01"]
[SourceVersion "1"]
[SourceVersionDate "2025.01.01"]
[SourceQuality "1"]

1. Nf3 d5 2. g3 Nc6 3. d4 Bf5 4. Bg2 e6 5. 0-0 h6 6. c3 Nf6 7. Qb3 Qc8 8. a4 Be7 9. a5 0-0 10. a6 b6 11. Qa4 Qe8 12. Nbd2 Bd6 13. Nh4 Bh7 14. Nc4 Be7 15. Nd2 Rc8 16. b4 Nb8 17. Qa2 Qb5 18. Re1 c5 19. bxc5 bxc5 20. Nhf3 cxd4 21. Nxd4 Qb6 22. Ba3 Bxa3 23. Qxa3 Nc6 24. Nxc6 Qxc6 25. c4 Rfd8 26. Rec1 Qd7 27. cxd5 Nxd5 28. Ne4 Bg6 29. Rxc8 Rxc8 30. h4 Rc2 31. Bf3 Bxe4 32. Bxe4 Rxe2 33. Qd3 Rb2 34. Rd1 Rb6 35. Qc4 Rd6 36. Qc5 g6 37. h5 gxh5 38. Kg2 Qc6 39. Qxc6 Rxc6 40. Bxd5 exd5 41. Rxd5 Rxa6 42. Rxh5 Kg7 43. Rc5 Re6 44. Rc7 a5 45. Ra7 Re5 46. f4 Rb5 47. Kh3 Kg6 48. Ra6+ f6 49. Kh4 h5 50. g4 hxg4 51. Kxg4 Kf7 52. Ra7+ Ke6 53. Ra6+ Ke7 54. Ra7+ Ke6 55. Ra6+ Kf7 56. Ra7+ Kg6 57. Ra6 Rc5 58. Ra8 f5+ 59. Kh4 Kf6 60. Ra6+ Ke7 61. Kg5 Kd7 62. Ra7+ Kc6 63. Kf6 Kb5 64. Rb7+ Kc4 65. Ra7 Kb4 66. Ke6 a4 67. Kd6 Ra5 68. Rb7+ Kc3 69. Ke6 a3 0-1

[Event "Wch Blitz (Women)"]
[Site "New York"]
[Date "2024.12.30"]
[Round "11"]
[White "Tan, Zhongyi"]
[Black "Balajayeva, Khanim Asad Qizi"]
[Result "1-0"]
[WhiteElo "2561"]
[BlackElo "2362"]
[PlyCount "57"]
[EventDate "2024.12.30"]
[EventType "swiss (blitz)"]
[EventRounds "11"]
[EventCountry "USA"]
[SourceTitle "CB01_2025"]
[SourceDate "2025.01.01"]
[SourceVersion "1"]
[SourceVersionDate "2025.01.01"]
[SourceQuality "1"]

1. d4 Nf6 2. c4 e6 3. Nf3 d5 4. Nc3 Be7 5. Bf4 0-0 6. e3 Nbd7 7. c5 Nh5 8. Bd3 Nxf4 9. exf4 b6 10. b4 c6 11. 0-0 a5 12. a3 Ba6 13. g3 Bxd3 14. Qxd3 Ra7 15. h4 Qa8 16. Rab1 axb4 17. axb4 Ra3 18. Rfc1 Rb8 19. Kg2 Bd8 20. f5 bxc5 21. bxc5 exf5 22. Qxf5 Rxb1 23. Qxd7 Ba5 24. Nxb1 Ra1 25. Ne5 Qf8 26. Nxc6 Bd2 27. Rc2 Rxb1 28. Rxd2 Qa8 29. Re2 1-0

[Event "Wch Blitz (Women)"]
[Site "New York"]
[Date "2024.12.30"]
[Round "1"]
[White "Tan, Zhongyi"]
[Black "Bodnaruk, Anastasia"]
[Result "1-0"]
[WhiteElo "2561"]
[BlackElo "2333"]
[PlyCount "63"]
[EventDate "2024.12.30"]
[EventType "swiss (blitz)"]
[EventRounds "11"]
[EventCountry "USA"]
[SourceTitle "CB01_2025"]
[SourceDate "2025.01.01"]
[SourceVersion "1"]
[SourceVersionDate "2025.01.01"]
[SourceQuality "1"]

1. d4 Nf6 2. c4 g6 3. Nc3 Bg7 4. g3 0-0 5. Bg2 Nc6 6. Nf3 d5 7. cxd5 Nxd5 8. 0-0 Nb6 9. d5 Na5 10. Qc2 Nxd5 11. Rd1 c6 12. e4 Nb4 13. Qa4 Qb6 14. Be3 c5 15. a3 Nbc6 16. Nd5 Qb3 17. Nxe7+ Nxe7 18. Qxa5 b6 19. Qd2 Qxb2 20. Qd6 Qf6 21. Qc7 Re8 22. Bg5 Qc6 23. Qf4 Be6 24. Rd6 Qa4 25. Rad1 c4 26. Ne5 Nc8 27. Rxe6 fxe6 28. Qf7+ Kh8 29. Rd7 Ne7 30. Bf6 Rg8 31. Rxe7 Qd1+ 32. Bf1 1-0

[Event "Wch Blitz (Women)"]
[Site "New York"]
[Date "2024.12.30"]
[Round "6"]
[White "Tan, Zhongyi"]
[Black "Khamdamova, Afruza"]
[Result "0-1"]
[WhiteElo "2561"]
[BlackElo "2354"]
[PlyCount "70"]
[EventDate "2024.12.30"]
[EventType "swiss (blitz)"]
[EventRounds "11"]
[EventCountry "USA"]
[SourceTitle "CB01_2025"]
[SourceDate "2025.01.01"]
[SourceVersion "1"]
[SourceVersionDate "2025.01.01"]
[SourceQuality "1"]

1. d4 d5 2. Nf3 Nf6 3. Bf4 c5 4. e3 e6 5. Nbd2 Qb6 6. Rb1 Bd6 7. c3 Bxf4 8. exf4 cxd4 9. Nxd4 0-0 10. Bd3 Nc6 11. N2f3 Bd7 12. Qe2 Nxd4 13. Nxd4 Qc7 14. g3 Rae8 15. 0-0 e5 16. fxe5 Rxe5 17. Qf3 Rfe8 18. Qf4 Bh3 19. Rfd1 Qe7 20. Nf3 Re6 21. Bf1 Re4 22. Qd2 Bxf1 23. Rxf1 Re2 24. Qd4 b6 25. Rbe1 Qc5 26. Qa4 a5 27. Rxe2 Rxe2 28. Nd4 Rxb2 29. Re1 h6 30. Re3 Qc4 31. Qd1 Qxa2 32. Qf3 Ne4 33. Re2 Rxe2 34. Nxe2 Qb1+ 35. Kg2 Nd2 0-1

[Event "Wch Blitz (Women)"]
[Site "New York"]
[Date "2024.12.30"]
[Round "5"]
[White "Tan, Zhongyi"]
[Black "Paragua, Megan Althea"]
[Result "1-0"]
[WhiteElo "2561"]
[BlackElo "2185"]
[PlyCount "73"]
[EventDate "2024.12.30"]
[EventType "swiss (blitz)"]
[EventRounds "11"]
[EventCountry "USA"]
[SourceTitle "CB01_2025"]
[SourceDate "2025.01.01"]
[SourceVersion "1"]
[SourceVersionDate "2025.01.01"]
[SourceQuality "1"]

1. d4 Nf6 2. c4 e6 3. Nf3 d5 4. Nc3 Be7 5. Bf4 0-0 6. e3 c5 7. dxc5 Bxc5 8. Qc2 Nc6 9. a3 Re8 10. Rd1 e5 11. Bg5 d4 12. Bxf6 gxf6 13. Nd5 Be6 14. Bd3 h6 15. 0-0 Rc8 16. b4 Bf8 17. Bf5 b5 18. Bxe6 fxe6 19. Qg6+ Bg7 20. cxb5 Qxd5 21. bxc6 Qxc6 22. exd4 e4 23. d5 exd5 24. Nd4 Qd7 25. Nf5 Re5 26. Nxh6+ Kf8 27. h4 Qe8 28. Qh7 Rh5 29. Qg8+ Ke7 30. Qxg7+ Kd6 31. Qxf6+ Qe6 32. Nf7+ Kd7 33. Qxe6+ Kxe6 34. Ng5+ Ke5 35. f4+ exf3 36. Nxf3+ Kd6 37. Rd4 1-0

[Event "Wch Blitz (Women)"]
[Site "New York"]
[Date "2024.12.30"]
[Round "3"]
[White "Tan, Zhongyi"]
[Black "Serikbay, Assel"]
[Result "1-0"]
[WhiteElo "2561"]
[BlackElo "2236"]
[PlyCount "93"]
[EventDate "2024.12.30"]
[EventType "swiss (blitz)"]
[EventRounds "11"]
[EventCountry "USA"]
[SourceTitle "CB01_2025"]
[SourceDate "2025.01.01"]
[SourceVersion "1"]
[SourceVersionDate "2025.01.01"]
[SourceQuality "1"]

1. d4 Nf6 2. c4 e6 3. Nf3 b6 4. Nc3 Bb7 5. a3 Be7 6. d5 exd5 7. cxd5 0-0 8. g3 d6 9. Bg2 Nbd7 10. 0-0 Re8 11. Nd4 Bf8 12. b4 g6 13. Bb2 Bg7 14. Rc1 Ne5 15. Qb3 a5 16. h3 Qd7 17. Rfd1 a4 18. Qa2 Qe7 19. Ba1 h5 20. Ncb5 Rac8 21. e3 Bh6 22. Nc6 Nxc6 23. dxc6 Ba6 24. Nc3 b5 25. Qb2 Qe5 26. Qe2 Qe6 27. Nxa4 Bg7 28. Nc3 Rb8 29. Nd5 Nxd5 30. Rxd5 Bxa1 31. Rxa1 Qf6 32. Rad1 Re5 33. Qf3 Qe7 34. h4 Re8 35. Bh3 Kg7 36. Bd7 Rd8 37. Qf4 f6 38. Qd4 Bc8 39. Bxc8 Rxc8 40. Rxe5 Qxe5 41. Qxe5 fxe5 42. Rd5 Ra8 43. Rxb5 Rxa3 44. Rb7 Kf6 45. Rxc7 Rb3 46. Rc8 Kg7 47. c7 1-0

[Event "Wch Blitz (Women)"]
[Site "New York"]
[Date "2024.12.30"]
[Round "8"]
[White "Tan, Zhongyi"]
[Black "Zhukova, Natalia"]
[Result "0-1"]
[WhiteElo "2561"]
[BlackElo "2302"]
[PlyCount "100"]
[EventDate "2024.12.30"]
[EventType "swiss (blitz)"]
[EventRounds "11"]
[EventCountry "USA"]
[SourceTitle "CB01_2025"]
[SourceDate "2025.01.01"]
[SourceVersion "1"]
[SourceVersionDate "2025.01.01"]
[SourceQuality "1"]

1. d4 d5 2. Nf3 Nf6 3. e3 c5 4. dxc5 e6 5. b4 a5 6. c3 b6 7. Bb5+ Bd7 8. Bxd7+ Nfxd7 9. a4 axb4 10. cxb4 bxc5 11. b5 c4 12. 0-0 Bb4 13. Bb2 0-0 14. Qd4 f6 15. Qg4 Nc5 16. Nd4 Qe7 17. Nc3 f5 18. Qd1 Nd3 19. Qc2 Qd6 20. Rfd1 e5 21. Nde2 Nd7 22. Na2 Bc5 23. Nac1 e4 24. a5 N7e5 25. b6 Ng4 26. Ng3 Ngxf2 27. Rxd3 Nxd3 28. Bd4 f4 29. Nxe4 dxe4 30. Qxc4+ Kh8 31. Nxd3 Bxd4 32. Qxd4 Qxd4 33. exd4 exd3 34. Kf2 Ra6 35. d5 d2 36. Ke2 Rd8 37. b7 d1Q+ 38. Rxd1 Rxa5 39. Kf3 Rb5 40. Kxf4 Rxb7 41. Ke5 Rbd7 42. d6 Kg8 43. Ke6 Rf7 44. d7 Kf8 45. Rd6 Rf6+ 46. Ke5 Rxd6 47. Kxd6 Kf7 48. g4 g5 49. h3 h6 50. Ke5 Rxd7 0-1

[Event "Wch Blitz (Women)"]
[Site "New York"]
[Date "2024.12.30"]
[Round "10"]
[White "Tsolakidou, Stavroula"]
[Black "Tan, Zhongyi"]
[Result "1-0"]
[WhiteElo "2451"]
[BlackElo "2561"]
[PlyCount "107"]
[EventDate "2024.12.30"]
[EventType "swiss (blitz)"]
[EventRounds "11"]
[EventCountry "USA"]
[SourceTitle "CB01_2025"]
[SourceDate "2025.01.01"]
[SourceVersion "1"]
[SourceVersionDate "2025.01.01"]
[SourceQuality "1"]

1. e4 e5 2. Nf3 Nc6 3. d4 exd4 4. Nxd4 Nf6 5. Nxc6 bxc6 6. Nd2 Bc5 7. Nb3 Bb6 8. e5 Qe7 9. Qe2 Nd5 10. c4 Ba6 11. h4 h6 12. Bd2 0-0 13. 0-0-0 c5 14. Qg4 f5 15. Qf3 Nb4 16. Bxb4 cxb4 17. c5 Bxf1 18. Rhxf1 Qxe5 19. cxb6 axb6 20. Kb1 d6 21. Qd5+ Qxd5 22. Rxd5 Rae8 23. Nd4 g6 24. Rc1 Rf7 25. Nf3 Re2 26. Rc2 Re4 27. Rcd2 Rfe7 28. R5d4 R4e6 29. Kc2 Re4 30. Kb3 Rxd4 31. Nxd4 Re4 32. g3 Kf7 33. Nc6 f4 34. Nxb4 fxg3 35. fxg3 g5 36. hxg5 hxg5 37. Nd5 c5 38. Nc3 Rb4+ 39. Kc2 Ke6 40. b3 Rg4 41. Rd3 Ke5 42. a4 Ke6 43. Nb5 c4 44. bxc4 Rxc4+ 45. Kb3 Rc1 46. Rxd6+ Kf5 47. Rxb6 Kg4 48. Rg6 Rg1 49. a5 Rxg3+ 50. Kb4 Kf5 51. Rg8 Rg1 52. a6 Rb1+ 53. Kc5 Ra1 54. a7 1-0

[Event "Wch Rapid (Women)"]
[Site "New York"]
[Date "2024.12.28"]
[Round "9"]
[White "Garifullina, Leya"]
[Black "Tan, Zhongyi"]
[Result "0-1"]
[WhiteElo "2336"]
[BlackElo "2502"]
[PlyCount "64"]
[EventDate "2024.12.26"]
[EventType "swiss (rapid)"]
[EventRounds "11"]
[EventCountry "USA"]
[SourceTitle "CB01_2025"]
[SourceDate "2025.01.01"]
[SourceVersion "1"]
[SourceVersionDate "2025.01.01"]
[SourceQuality "1"]

1. e4 e5 2. Nf3 Nc6 3. Bb5 a6 4. Ba4 Nf6 5. 0-0 Nxe4 6. d4 Be7 7. Re1 b5 8. Rxe4 d5 9. Nxe5 Nxe5 10. Rxe5 bxa4 11. Qe2 f6 12. Re3 c5 13. dxc5 Kf7 14. Nc3 Bxc5 15. Rd3 Re8 16. Qh5+ Kg8 17. Bd2 Re5 18. Qd1 Bf5 19. Rg3 Qb6 20. Qf3 Qxb2 21. Rf1 Qxc2 22. Bh6 Bg6 23. Nxd5 Rd8 24. Nxf6+ gxf6 25. Qxf6 Re7 26. Rc3 Qe2 27. g3 Bd4 28. Qc6 Bxc3 29. Qxc3 Rd1 30. Rxd1 Qxd1+ 31. Kg2 Be4+ 32. f3 Bxf3+ 0-1

[Event "Wch Rapid (Women)"]
[Site "New York"]
[Date "2024.12.28"]
[Round "11"]
[White "Harika, Dronavalli"]
[Black "Tan, Zhongyi"]
[Result "1/2-1/2"]
[WhiteElo "2416"]
[BlackElo "2502"]
[PlyCount "45"]
[EventDate "2024.12.26"]
[EventType "swiss (rapid)"]
[EventRounds "11"]
[EventCountry "USA"]
[SourceTitle "CB01_2025"]
[SourceDate "2025.01.01"]
[SourceVersion "1"]
[SourceVersionDate "2025.01.01"]
[SourceQuality "1"]

1. Nf3 d5 2. g3 c5 3. Bg2 Nc6 4. d4 Nf6 5. 0-0 cxd4 6. Nxd4 e5 7. Nxc6 bxc6 8. c4 Be6 9. Qa4 Qd7 10. Nc3 Rc8 11. cxd5 cxd5 12. Qxd7+ Kxd7 13. Rd1 Bc5 14. Nxd5 Nxd5 15. Bxd5 Bxd5 16. Rxd5+ Ke6 17. Rd1 Rhd8 18. Bg5 f6 19. Rxd8 Rxd8 20. Rc1 Bb6 21. Be3 Bxe3 22. fxe3 Rd2 23. Kf2 1/2-1/2

[Event "Wch Rapid (Women)"]
[Site "New York"]
[Date "2024.12.28"]
[Round "10"]
[White "Tan, Zhongyi"]
[Black "Yip, Carissa"]
[Result "1-0"]
[WhiteElo "2502"]
[BlackElo "2389"]
[PlyCount "97"]
[EventDate "2024.12.26"]
[EventType "swiss (rapid)"]
[EventRounds "11"]
[EventCountry "USA"]
[SourceTitle "CB01_2025"]
[SourceDate "2025.01.01"]
[SourceVersion "1"]
[SourceVersionDate "2025.01.01"]
[SourceQuality "1"]

1. d4 Nf6 2. c4 g6 3. Nc3 Bg7 4. e4 0-0 5. h3 d6 6. Be3 e5 7. d5 Na6 8. Bd3 Nc5 9. Bc2 a5 10. Nge2 c6 11. 0-0 Bd7 12. a3 cxd5 13. cxd5 a4 14. Ng3 b5 15. Rc1 Qa5 16. Na2 h5 17. Bg5 Rfc8 18. Re1 Nh7 19. Bd2 Qb6 20. Nb4 Bf6 21. Kh2 Qd8 22. f4 exf4 23. Bxf4 Bxb2 24. Rb1 Qf6 25. Rf1 Be5 26. Ne2 Ng5 27. Nd3 Nxd3 28. Bxd3 Bxf4+ 29. Rxf4 Qe5 30. Kh1 Rc5 31. Qd2 Nh7 32. Rbf1 Be8 33. Bb1 Ra7 34. Nd4 Kg7 35. Ba2 Rac7 36. Nc6 Qc3 37. Qf2 Ng5 38. h4 Nh7 39. Rf3 Qc2 40. Qd4+ Kg8 41. e5 Qxa2 42. exd6 Rxd5 43. dxc7 Rxd4 44. c8Q Rxh4+ 45. Kg1 Qe6 46. Qd8 Rg4 47. Ne7+ Kg7 48. Qxe8 Qb6+ 49. R1f2 1-0

[Event "Wch Rapid (Women)"]
[Site "New York"]
[Date "2024.12.27"]
[Round "5"]
[White "Batsiashvili, Nino"]
[Black "Tan, Zhongyi"]
[Result "1/2-1/2"]
[WhiteElo "2333"]
[BlackElo "2502"]
[PlyCount "106"]
[EventDate "2024.12.26"]
[EventType "swiss (rapid)"]
[EventRounds "11"]
[EventCountry "USA"]
[SourceTitle "CB01_2025"]
[SourceDate "2025.01.01"]
[SourceVersion "1"]
[SourceVersionDate "2025.01.01"]
[SourceQuality "1"]

1. d4 Nf6 2. c4 e6 3. Nc3 Bb4 4. Nf3 b6 5. e3 Bb7 6. Bd3 0-0 7. 0-0 Bxc3 8. bxc3 c5 9. Rb1 d6 10. Qc2 Bxf3 11. gxf3 Nc6 12. Kh1 e5 13. d5 Ne7 14. Rg1 Qd7 15. Qe2 Ng6 16. f4 exf4 17. exf4 Qh3 18. Rg3 Qh5 19. Qf1 Ng4 20. Qg1 f5 21. f3 Nh6 22. Bf1 Qh4 23. Rh3 Qf6 24. Bd2 Rae8 25. Bd3 Kh8 26. Qg5 Qxg5 27. fxg5 Nf7 28. f4 Nd8 29. Kg2 Kg8 30. Kf2 Nh8 31. Rg3 Nb7 32. h4 g6 33. h5 gxh5 34. Rh1 Ng6 35. Rxh5 Na5 36. Rgh3 Rf7 37. Rh6 a6 38. a4 Rfe7 39. Re3 Rxe3 40. Bxe3 Rf8 41. Rh1 Ne7 42. Rb1 Rb8 43. Kf3 Kg7 44. Bf2 Kg6 45. Re1 Kf7 46. Re6 Rd8 47. Re1 Rb8 48. Rb1 Kf8 49. Bg3 Kf7 50. Bf2 Kf8 51. Rh1 Kg7 52. Re1 Kf7 53. Rb1 Kf8 1/2-1/2

[Event "Wch Rapid (Women)"]
[Site "New York"]
[Date "2024.12.27"]
[Round "7"]
[White "Kashlinskaya, Alina"]
[Black "Tan, Zhongyi"]
[Result "1/2-1/2"]
[WhiteElo "2378"]
[BlackElo "2502"]
[PlyCount "99"]
[EventDate "2024.12.26"]
[EventType "swiss (rapid)"]
[EventRounds "11"]
[EventCountry "USA"]
[SourceTitle "CB01_2025"]
[SourceDate "2025.01.01"]
[SourceVersion "1"]
[SourceVersionDate "2025.01.01"]
[SourceQuality "1"]

1. d4 Nf6 2. c4 e6 3. Nc3 Bb4 4. e3 b6 5. Nge2 Ba6 6. a3 Be7 7. Nf4 d5 8. cxd5 Bxf1 9. Kxf1 exd5 10. Qf3 c6 11. g4 0-0 12. g5 Ne8 13. h4 Nd6 14. b3 Na6 15. Bb2 Qd7 16. Kg2 Nc7 17. Rac1 f6 18. g6 h6 19. a4 Rfe8 20. Nce2 Ne4 21. Qh3 f5 22. Rc2 Na6 23. Nd3 Bd6 24. Rhc1 Rac8 25. f3 Nf6 26. Ne5 Bxe5 27. dxe5 Nh5 28. Nd4 Nb4 29. Nxf5 Rcd8 30. Rd2 d4 31. Rxd4 Nd5 32. Kh1 Rxe5 33. e4 Nhf4 34. Qh2 Rxf5 35. exf5 Qxf5 36. Qxf4 Qxf4 37. Rxf4 Nxf4 38. Rxc6 Rd1+ 39. Kh2 Rd2+ 40. Kg3 Nxg6 41. Bc3 Rd3 42. Rc7 Ne7 43. Rxe7 Rxc3 44. b4 Rc4 45. Rxa7 Rxb4 46. h5 Kh7 47. f4 b5 48. axb5 Rxb5 49. Kg4 Rc5 50. Rb7 1/2-1/2

[Event "Wch Rapid (Women)"]
[Site "New York"]
[Date "2024.12.27"]
[Round "6"]
[White "Tan, Zhongyi"]
[Black "Ju, Wenjun"]
[Result "0-1"]
[WhiteElo "2502"]
[BlackElo "2536"]
[PlyCount "100"]
[EventDate "2024.12.26"]
[EventType "swiss (rapid)"]
[EventRounds "11"]
[EventCountry "USA"]
[SourceTitle "CB01_2025"]
[SourceDate "2025.01.01"]
[SourceVersion "1"]
[SourceVersionDate "2025.01.01"]
[SourceQuality "1"]

1. d4 Nf6 2. c4 e6 3. Nf3 d5 4. Nc3 Bb4 5. Qa4+ Nc6 6. e3 0-0 7. Qc2 Bxc3+ 8. Qxc3 Ne4 9. Qb3 a5 10. Bd3 Nb4 11. Bb1 c5 12. 0-0 cxd4 13. exd4 dxc4 14. Qxc4 Nd6 15. Qc5 Nd5 16. Bg5 f6 17. Qc2 g6 18. Bd2 Bd7 19. Re1 Rc8 20. Qd1 Qb6 21. Bc1 a4 22. a3 Nc4 23. Qe2 Na5 24. Bh6 Rf7 25. Bd3 Nb3 26. Rad1 Qd6 27. g3 Re8 28. Qc2 Ne7 29. Bf4 Qc6 30. Qe2 Nd5 31. Bh6 Qd6 32. Nh4 Nxd4 33. Qe4 e5 34. Bc4 Ne7 35. Bxf7+ Kxf7 36. Be3 Bc6 37. Qg4 h5 38. Qh3 Qd5 39. f3 Nxf3+ 40. Kf2 Nd4 41. Bxd4 exd4 42. Qg2 Qc5 43. Nf3 d3+ 44. Kf1 Nf5 45. Qf2 Rxe1+ 46. Rxe1 Qd5 47. Ng1 d2 48. Rd1 Bb5+ 49. Ne2 Qh1+ 50. Qg1 Ne3+ 0-1

[Event "Wch Rapid (Women)"]
[Site "New York"]
[Date "2024.12.26"]
[Round "1"]
[White "Mungunzul, Bat Erdene"]
[Black "Tan, Zhongyi"]
[Result "0-1"]
[WhiteElo "2281"]
[BlackElo "2502"]
[PlyCount "108"]
[EventDate "2024.12.26"]
[EventType "swiss (rapid)"]
[EventRounds "11"]
[EventCountry "USA"]
[SourceTitle "CB01_2025"]
[SourceDate "2025.01.01"]
[SourceVersion "1"]
[SourceVersionDate "2025.01.01"]
[SourceQuality "1"]

1. d4 Nf6 2. c4 e6 3. Nf3 a6 4. Nc3 d5 5. cxd5 exd5 6. Bg5 Be6 7. e3 h6 8. Bh4 Nbd7 9. Bd3 Bd6 10. 0-0 c6 11. Bg3 Bxg3 12. hxg3 0-0 13. a4 Qe7 14. Qb3 Rab8 15. Qa3 Qd8 16. a5 Nh7 17. Qd6 Re8 18. Ra3 Ng5 19. Nd2 f5 20. f3 Nf7 21. Qb4 Qg5 22. Kf2 Nf6 23. Ne2 Bd7 24. Bb1 Nh5 25. Rh1 g6 26. Rc3 Re6 27. Rh3 Nd6 28. Nf4 Nxf4 29. gxf4 Qe7 30. Qa3 g5 31. g3 Re8 32. Rh1 Qg7 33. Qb4 gxf4 34. gxf4 Rg6 35. Ke1 Nb5 36. Rd3 c5 37. dxc5 d4 38. e4 Rg1+ 39. Rxg1 Qxg1+ 40. Ke2 fxe4 41. Ba2+ Kh8 42. Nxe4 Rxe4+ 43. fxe4 Bg4+ 44. Rf3 Qe3+ 45. Kf1 Qxf3+ 46. Kg1 Qe3+ 47. Kg2 Bf3+ 48. Kg3 Be2+ 49. Kg2 Qf3+ 50. Kh2 Qxf4+ 51. Kg2 Qf3+ 52. Kh2 Qf2+ 53. Kh3 h5 54. Be6 Bf1# 0-1

[Event "Wch Rapid (Women)"]
[Site "New York"]
[Date "2024.12.26"]
[Round "3"]
[White "Song, Yuxin"]
[Black "Tan, Zhongyi"]
[Result "1/2-1/2"]
[WhiteElo "2347"]
[BlackElo "2502"]
[PlyCount "54"]
[EventDate "2024.12.26"]
[EventType "swiss (rapid)"]
[EventRounds "11"]
[EventCountry "USA"]
[SourceTitle "CB01_2025"]
[SourceDate "2025.01.01"]
[SourceVersion "1"]
[SourceVersionDate "2025.01.01"]
[SourceQuality "1"]

1. e4 e5 2. Nf3 Nc6 3. Bb5 a6 4. Ba4 Nf6 5. 0-0 Be7 6. Re1 b5 7. Bb3 0-0 8. a4 Na5 9. axb5 Nxb3 10. cxb3 Bb7 11. bxa6 d5 12. Nxe5 dxe4 13. Nc3 Rxa6 14. Rxa6 Bxa6 15. Nc6 Qd6 16. Nxe7+ Qxe7 17. d4 h6 18. Bf4 Rd8 19. Be5 Bb7 20. Bxf6 Qxf6 21. Nxe4 Qxd4 22. Qxd4 Rxd4 23. Nc3 Rg4 24. g3 Rb4 25. Re8+ Kh7 26. Re7 f5 27. Rxc7 Rxb3 1/2-1/2